000 00872nam a2200241 i 4500
001 68683
003 ES-MaACL
005 20251120063132.0
007 t|
008 960827s1891 sp ||||1| spa d
040 _aCAM
_bspa
_cCAM
100 1 _aGestoso y Pérez, José,
_d1852-1917
_956532
245 1 4 _aLos Reyes Católicos en Sevilla (1477-78) /
_cpor José Gestoso y Pérez.
260 _aSevilla :
_b[s.n.],
_c1891 (
_fOficina de la Revista de Tribunales)
300 _a70 p. ;
_c25 cm.
530 _aDisponible en formato digital.
651 4 _aSevilla-
_xHistoria-
_yS.XV.
_9165234
651 _aEspaña-
_xHistoria-
_y1474-1516, Reyes Católicos.
_98222
852 _aES-MaACL
_jT-1066-F-4
852 _aES-MaACL
_jT-1399-F-5
856 _uhttp://bdh-rd.bne.es/viewer.vm?id=0000055372&page=1
_zBiblioteca Digital Hispánica
999 _c68683
_d68683